| 000 | 01665cam a2200325 a 4500 | ||
|---|---|---|---|
| 001 | 000014449 | ||
| 005 | 20200929163843.0 | ||
| 008 | 020317s2001 mx a b 000 0 spa d | ||
| 020 | _a9706690395 | ||
| 035 | _a(NcChMN)MN207BC005 | ||
| 040 |
_aDO-SdBNP _bspa _cBNPHU _dDLC |
||
| 082 |
_a307.1721 _bP712g |
||
| 245 | 0 | 0 |
_aPlaneación y gestión urbana y metropolitana en México : _buna revisión a la luz de la globalización / _ccompilador Roberto García Ortega ; con el apoyo de Alfonso X. Iracheta Cenecorta, Emilio Duhau. |
| 260 |
_aZinacantepec : _bColegio de la Frontera Norte ; _bColegio Mexiquense, _c2001. |
||
| 300 |
_a266 p. : _bil. ; _c23 cm. |
||
| 490 | 1 |
_aColegio Mexiquense _v172 |
|
| 504 | _aBibliografías: p. 261-262. | ||
| 500 | _aLos documentos resultantes del 1er Simposio sobre Planeación y Gestión Urbana y Metropolitana de la Ciudad de México, que fue organizado febrero 25-26, 1999 en Monterrey, México por el Norte, el Colegio de la Frontera, entre ellos algunos ampliada o documentos actualizados. | ||
| 650 | 4 |
_aPlanificación del desarrollo _932601 |
|
| 650 | 4 |
_aComunicación en planificación urbana _932602 |
|
| 651 | 4 |
_aMonterrey (México{Rpara} _932603 |
|
| 700 | 1 |
_aGarcía Ortega, Roberto, _ecomp. _932604 |
|
| 700 | 1 |
_aIracheta C., Alfonso X. _932605 |
|
| 700 | 1 |
_aDuhau, Emilio. _932606 |
|
| 710 | 1 |
_aColegio de la Frontera Norte (Tijuana, Baja California, México) _931803 |
|
| 711 | 1 |
_aSimposio sobre Planeación y Gestión Urbana y Metropolitana en México _n(1st : _d1999 : _cMonterrey, México) _932607 |
|
| 830 | 0 |
_aColegio Mexiquense ; _v172. _932608 |
|
| 910 | _aCatalogación por copia / LC | ||
| 049 | _aBNGR | ||
| 999 |
_c14038 _d14038 |
||